000
00364nam a2200157Ia 4500
003
0STCL
008
150530s9999 xx 000 0 und d
040
_a
STCL
_c
STCL
100
_a
Sherwood, J.F.; Roy Culey, T.
245
_a
Auditing theory and procedure
260
_c
1944
546
_a
English
942
_2
ddc
_c
BK
999
_c
41761
_d
41761
005
20220125170540.0